| 000 | 00563cam a2200217 4500 | ||
|---|---|---|---|
| 001 | H36 | ||
| 008 | 090401t1981 xxu||||| |||| 00| 0 eng d | ||
| 035 | _a(Sirsi) u36570 | ||
| 041 | _aeng | ||
| 050 | _a693.832 | ||
| 100 | _aAnderson, B.R. | ||
| 245 | 4 | _aThe assessment of U-values for insulated roofs | |
| 260 |
_aGarston, Watford _bBuilding Research Establishment _c1981 |
||
| 300 | _a3p. ; 30cm. | ||
| 350 | _a0 | ||
| 490 |
_aBRE Information Paper _v3/81 s |
||
| 650 | _aINSULATION | ||
| 690 | _aBUILT ENVIRONMENT | ||
| 942 | _n0 | ||
| 948 | _c04/03/1997 | ||
| 999 |
_c90336 _d90336 |
||